000 00789nam a22002177a 4500
003 UA-OsUOA
001 37625
007 ta
008 20070424b un ||||| |||| 00| 0 ukr d
090 _a050
_bУ45
942 _cNP
040 _aUA-OsUOA
_bukr
_cUA-OsUOA
_dUA-OsUOA
245 _aУкраїнське слово
_bВсеукраїнський громадсько-політичний тижневик
955 _a1
041 _aukr
080 _a050
260 _aКиїв
_bВидавництво ім.О.Теліги
310 _a18-24 квітня 2007. - №16(3320)
650 7 _a050 Серійні публікації. Періодика галузі, Організація та інші типи поєднання (співробітництва)
_2UDC
999 _c436150
_d436150